Guess the airline by its tail (Hard) - Statistics

General Stats
  • This quiz has been taken 13 times
  • The average score is 7 of 20
Answer Stats
Picture Answer % Correct
TUI Airways
100%
China Eastern
73%
EgyptAir
55%
Icelandair
55%
Philipinne Airlines
55%
GOL Linhas Aéreas
45%
Sri Lankan Airways
45%
Edelweiss
36%
Lion Air
36%
Boliviana
27%
Cyprus Airways
27%
Flydubai
27%
Jet2 (Jet2Holidays)
27%
Olympic Air
27%
Smartwings
27%
Air Caraibes
18%
Discover Airlines
18%
Enter Air
18%
Garuda Indonesia
18%
Yeti Airlines
0%
No matching quizzes found
Score Distribution
Percent of People with Each Score
Percentile by Number Answered
Your Score History
You have not taken this quiz